LEADER 01249nam a2200361 i 4500 001 991001411299707536 005 20020507192958.0 008 001106s1998 uk ||| | eng 020 $a0521598389 035 $ab10843875-39ule_inst 035 $aLE01311872$9ExL 040 $aDip.to Matematica$beng 082 0 $a511.3 084 $aAMS 03-02 084 $aAMS 03C50 084 $aAMS 03C60 084 $aAMS 14P10 084 $aAMS 52-02 084 $aAMS 54-02 100 1 $aDries, Lou :$cvan den$061810 245 10$aTame topology and o-minimal structures /$cLou van den Dries 260 $aCambridge :$bCambridge University Press,$c1998 300 $ax, 180 p. :$bill. ;$c23 cm 490 0 $aLondon Mathematical Society lecture note series,$x0076-0552 ;$v248 500 $aIncludes bibliographical references and index 650 0$aOrdered algebraic structures 650 0$aTopology 907 $a.b10843875$b23-02-17$c28-06-02 912 $a991001411299707536 945 $aLE013 03-XX DRI11 (1998)$g1$i2013000122908$lle013$o-$pE0.00$q-$rl$s- $t0$u0$v0$w0$x0$y.i10954089$z28-06-02 996 $aTame topology and O-minimal structures$9374906 997 $aUNISALENTO 998 $ale013$b01-01-00$cm$da $e-$feng$guk $h0$i1 LEADER 01274nam2 22003133i 450 001 MIL0005223 005 20231121125526.0 100 $a20140515d1957 ||||0itac50 ba 101 | $ascr$aita 102 $ayu 181 1$6z01$ai $bxxxe 182 1$6z01$an 200 1 $a˜1: œItalijansko-srpskohrvatski$fAlbin Vilhar 210 $aBeograd$cNau?na knjiga$d1957 215 $a655 p.$d17 cm. 461 1$1001MIL0005210$12001 $aRe?nik italijanskog i srpskohrvatskog jezika$fsastavio Albin Vilhar$v1 606 $aLINGUA ITALIANA$xDIZIONARIO ITALIANO-SERBOCROATO$2FIR$3MILC002917$9I 676 $a491.82$9LINGUA SERBOCROATA$v21 700 1$aVilhar$b, Albin$3MILV004031$4070$01441297 790 0$aProstén$3SBNV023756$zVilhar, Albin 790 1$aVilhar$b, Albin F.$3SBNV023757$zVilhar, Albin 801 3$aIT$bIT-01$c20140515 850 $aIT-FR0017 899 $aBiblioteca umanistica Giorgio Aprea$bFR0017 912 $aMIL0005223 950 2$aBiblioteca umanistica Giorgio Aprea$d 52CIS DFAG D 15$e 52VM 0000866555 VM barcode:00082942. - Inventario: Sba-Uma. - Fondo:Donazione Francesco AgostiniVM$fA $h20110420$i20121204 977 $a 52 996 $aItalijansko-srpskohrvatski$93608915 997 $aUNICAS